Les pays avec le plus de victimes de la pneumonie - Statistiques

Statistiques générales
  • Ce quiz a été pris 16 fois
  • Le résultat moyen est 6 sur 10
Statistiques - réponses
Nombre de morts pour 100 000 Pays % Correct
125,2 Somalie
87%
132,7 Tchad
73%
152,5 Centrafrique
67%
116,7 Soudan du Sud
67%
129,3 Zimbabwe
67%
120,2 Guinée
60%
118,5 Lesotho
60%
123,8 Guinée-Bissau
53%
136,7 Érythrée
47%
121,8 Îles Salomon
7%
Aucun quiz correspondant
Distribution des résultats
% des personnes avec chaque résultat
Percentile par nombre de réponses
Votre historique - résultats
Vous n’avez pas pris ce quiz